[Event "Amsterdam Fall 2012 KO Open"]
[Site "SchemingMind.com"]
[Date "2012.12.17"]
[Round "-"]
[White "smothered mate"]
[Black "Buckaroo Bob"]
[Result "0-1"]
[WhiteCountry "POL"]
[BlackCountry "USA"]
[WhiteElo "1984"]
[WhiteRD "58"]
[BlackElo "2266"]
[BlackRD "71"]
[GameID "323041"]

1. e4 c5 2. Nf3 d6 3. d4 cxd4 4. Nxd4 Nf6 5. Nc3 a6 6. Be2 Nbd7 7. f4 g6 8. O-O Bg7 9. a4 O-O 10. Bf3 Re8
11. Nb3 Qc7 12. Kh1 Nc5 13. Nxc5 Qxc5 14. Qe1 Bg4 15. Be3 Qa5 16. h3 Bxf3 17. Rxf3 Nd7 18. Bd2 Rac8 19. Ra3 Qd8 20. b4 Rc4
21. b5 e6 22. Qf1 Bxc3 23. Qxc4 Bxd2 24. f5 Ne5 25. Qe2 Nxf3 26. Rxf3 Qa5 27. Rd3 Bf4
0-1

[Event "Amsterdam Fall 2012 KO Open"]
[Site "SchemingMind.com"]
[Date "2012.12.17"]
[Round "-"]
[White "Buckaroo Bob"]
[Black "smothered mate"]
[Result "1-0"]
[WhiteCountry "USA"]
[BlackCountry "POL"]
[WhiteElo "2266"]
[WhiteRD "71"]
[BlackElo "1984"]
[BlackRD "58"]
[GameID "323044"]

1. c4 e6 2. Nf3 d5 3. b3 Be7 4. Bb2 Bf6 5. Qc1 Bxb2 6. Qxb2 Nf6 7. g3 O-O 8. Bg2 c5 9. O-O Nc6 10. d3 d4
11. Nbd2 h6 12. Nh4 g5 13. Bxc6 bxc6 14. Nhf3 Qd6 15. Rfe1 e5 16. Qa3 Bf5 17. e4 dxe3 18. Rxe3 Ng4 19. Ree1 Rad8 20. h3 Nf6
21. Nxe5 Bxh3 22. Re3 Ng4 23. Nxg4 Bxg4 24. Rae1 f5 25. Re6 Qxd3 26. Qxc5 Qxd2 27. Rg6+ Kh7 28. Ree6
1-0

[Event "Amsterdam Fall 2012 KO Open"]
[Site "SchemingMind.com"]
[Date "2013.01.01"]
[Round "-"]
[White "Amaroun"]
[Black "Holty"]
[Result "1-0"]
[WhiteCountry "CZE"]
[BlackCountry "ENG"]
[WhiteElo "1715"]
[WhiteRD "116"]
[BlackElo "1669"]
[BlackRD "57"]
[GameID "324137"]

1. e4 c5 2. Nf3 Nc6 3. d4 cxd4 4. Nxd4 e6 5. Nc3 a6 6. Be2 Qe7 7. Bf4 e5 8. Nxc6 bxc6 9. Be3 Qb4 10. Rb1 Nf6
11. a3 Qb8 12. O-O d6 13. Bg5 Be7 14. b4 O-O 15. a4 Re8 16. h3 Be6 17. Re1 Qa7 18. Bxf6 Bxf6 19. b5 axb5 20. axb5 Rab8
21. Qxd6 Qd7 22. Qxd7 Bxd7 23. b6 Bc8 24. Bg4 Bxg4 25. hxg4 Bg5 26. f3 Bd8 27. Na4 c5 28. Kf1 Bh4 29. Red1 Rec8 30. Rd5 Bg3
31. Nxc5 Rd8 32. Rxd8+ Rxd8 33. b7
1-0

[Event "Amsterdam Fall 2012 KO Open"]
[Site "SchemingMind.com"]
[Date "2013.01.03"]
[Round "-"]
[White "Holty"]
[Black "Amaroun"]
[Result "0-1"]
[WhiteCountry "ENG"]
[BlackCountry "CZE"]
[WhiteElo "1669"]
[WhiteRD "57"]
[BlackElo "1715"]
[BlackRD "116"]
[GameID "324145"]

1. d4 d5 2. c4 dxc4 3. Nf3 Nf6 4. e3 e6 5. Bxc4 c5 6. Nc3 Nc6 7. Bb5 Bd7 8. O-O a6 9. Bd3 Nb4 10. h3 Be7
11. a3 Nxd3 12. Qxd3 Bc6 13. Ne5 Rc8 14. Nxc6 Rxc6 15. Ne2 O-O 16. b3 Rc8 17. Rd1 b5 18. dxc5 Qxd3 19. Rxd3 Bxc5 20. b4 Be7
21. f3 Ne8 22. Ra2 Nd6 23. g3 h6 24. e4 f6 25. Nf4 Rxc1+ 26. Kf2 Kf7 27. Ne2 Rc7 28. Rad2 Nc4 29. Rc2 Rd8 30. Rxd8 Bxd8
31. Nd4 Nxa3 32. Rxc7+ Bxc7 33. f4 e5 34. fxe5 Bxe5 35. Nc6 Nc2 36. g4 Bc3
0-1

[Event "Amsterdam Fall 2012 KO Open"]
[Site "SchemingMind.com"]
[Date "2013.01.08"]
[Round "-"]
[White "NYNH"]
[Black "kenneth m day"]
[Result "1-0"]
[WhiteCountry "USA"]
[BlackCountry "USA"]
[WhiteElo "2052"]
[WhiteRD "64"]
[BlackElo "1765"]
[BlackRD "52"]
[GameID "324694"]

1. d4 Nf6 2. c4 e6 3. g3 d5 4. Nf3 dxc4 5. Bg2 c5 6. O-O Nc6 7. Qa4 Bd7 8. Qxc4 cxd4 9. Nxd4 Rc8 10. Nc3 a6
11. Rd1 Ne5 12. Qb3 b5 13. Bf4 Nc4 14. Rac1 Be7 15. Nc6 Rxc6 16. Bxc6 O-O 17. Ne4 Nd5 18. Bxd7 Qxd7 19. Nc3 Qb7 20. Nxd5 exd5
21. e4 Nb6 22. exd5 Rd8 23. d6 Bf6 24. Rc7 Qxc7 25. dxc7
1-0

[Event "Amsterdam Fall 2012 KO Open"]
[Site "SchemingMind.com"]
[Date "2013.01.08"]
[Round "-"]
[White "kenneth m day"]
[Black "NYNH"]
[Result "0-1"]
[WhiteCountry "USA"]
[BlackCountry "USA"]
[WhiteElo "1765"]
[WhiteRD "52"]
[BlackElo "2052"]
[BlackRD "64"]
[GameID "324695"]

1. e4 c5 2. Nf3 d6 3. d4 cxd4 4. Nxd4 Nf6 5. Nc3 g6 6. f3 Bg7 7. Be3 O-O 8. Qd2 Nc6 9. O-O-O Bd7 10. g4 Rc8
11. h4 Ne5 12. Kb1 Qa5 13. Be2 Nc4 14. Bxc4 Rxc4 15. h5 Rfc8 16. hxg6 fxg6 17. Nb3 Qa6 18. Bh6 Bh8 19. g5 Ne8 20. Nd5 Rxc2
21. Nxe7+ Kf7 22. Qf4+ Kxe7 23. Qf8+ Kd8 24. Qxh8 Be6 25. Bg7 Bxb3 26. axb3 Kd7 27. Bc3 R8xc3 28. Qxc3 Rxc3 29. bxc3 Qa3 30. Rxh7+ Kc8
31. Kc2 Qa2+ 32. Kd3 Qxb3 33. Rd2 Qb5+ 34. Ke3 Qxg5+
0-1

[Event "Amsterdam Fall 2012 KO Open"]
[Site "SchemingMind.com"]
[Date "2013.01.14"]
[Round "-"]
[White "spoke"]
[Black "Stauffenberg"]
[Result "1-0"]
[WhiteCountry "GER"]
[BlackCountry "ITA"]
[WhiteElo "1787"]
[WhiteRD "69"]
[BlackElo "1819"]
[BlackRD "83"]
[GameID "325158"]

1. e4 e5 2. Nf3 Nc6 3. Bc4 Bc5 4. d3 Nf6 5. Nc3 h6 6. Be3 Bxe3 7. fxe3 d6 8. a3 O-O 9. Qd2 Re8 10. O-O-O a6
11. h3 Bd7 12. g4 Nh7 13. Rdg1 Be6 14. Bxe6 fxe6 15. h4 Rf8 16. Qg2 Rf7 17. g5
1-0

[Event "Amsterdam Fall 2012 KO Open"]
[Site "SchemingMind.com"]
[Date "2013.01.14"]
[Round "-"]
[White "Stauffenberg"]
[Black "spoke"]
[Result "1-0"]
[WhiteCountry "ITA"]
[BlackCountry "GER"]
[WhiteElo "1836"]
[WhiteRD "87"]
[BlackElo "1751"]
[BlackRD "67"]
[GameID "325164"]

1. d4 Nf6 2. c4 g6 3. Nc3 Bg7 4. g3 d5 5. cxd5 Nxd5 6. Bg2 Nxc3 7. bxc3 c5 8. Nf3 O-O 9. O-O Nc6 10. d5 Nb4
11. Qb3 Qxd5 12. c4 Qh5 13. Bb2 Rb8 14. Bxg7 Kxg7 15. Qc3+ Kg8 16. Rfd1 Be6 17. a3 Nc6 18. Ra2 b5 19. cxb5 Bxa2 20. bxc6 Bd5
21. Ne5 Bxg2 22. Kxg2 Qxe2 23. Re1 Qb5 24. Kh3 Rfc8 25. Ng4 Qb2 26. Qxc5 h5 27. Ne5 Rc7 28. Nd7 Qb5 29. Qxe7 Qxc6 30. Rb1 Rbc8
31. Rd1 Qe6+ 32. Qxe6 fxe6 33. Ne5 Rc2 34. Nxg6 Kf7 35. Ne5+ Kf6 36. f4 Ra2 37. Rd7 Kf5 38. Rxa7 Rc3 39. Rh7 Rcc2 40. Rxh5+ Ke4
41. Ng4 Rxa3 42. Re5+ Kd4 43. Rxe6
1-0

[Event "Amsterdam Fall 2012 KO Open"]
[Site "SchemingMind.com"]
[Date "2013.01.18"]
[Round "-"]
[White "John Hamer"]
[Black "Andoni Zabala"]
[Result "1-0"]
[WhiteCountry "ENG"]
[BlackCountry "INT"]
[WhiteElo "2012"]
[WhiteRD "65"]
[BlackElo "1694"]
[BlackRD "102"]
[GameID "325228"]

1. e4 c6 2. Bc4 d5 3. exd5 cxd5 4. Bb3 Nf6 5. Nf3 Nc6 6. O-O Bg4 7. h3 Bh5 8. Nc3 e6 9. d3 a6 10. Bf4 Bd6
11. Bg5 Be7 12. g4 Nxg4 13. hxg4 Bxg4 14. Bxe7 Nxe7 15. Re1 O-O 16. d4 Nf5 17. Qd3 Qf6 18. Nd2 Qg5 19. Kf1 Qh4 20. Kg2 Nxd4
21. Rh1 Bf3+ 22. Nxf3 Qg4+ 23. Kf1
1-0

[Event "Amsterdam Fall 2012 KO Open"]
[Site "SchemingMind.com"]
[Date "2013.01.18"]
[Round "-"]
[White "Andoni Zabala"]
[Black "John Hamer"]
[Result "1/2-1/2"]
[WhiteCountry "INT"]
[BlackCountry "ENG"]
[WhiteElo "1714"]
[WhiteRD "105"]
[BlackElo "2037"]
[BlackRD "64"]
[GameID "325233"]

1. e4 e5 2. Nf3 Nc6 3. Bc4 Nf6 4. d4 exd4 5. O-O Nxe4 6. Re1 d5 7. Bxd5 Qxd5 8. Nc3 Qh5 9. Nxe4 Be6 10. Bg5 Bd6
11. Nxd6+ cxd6 12. Qd2 O-O 13. a3 Bd5 14. Be7 Rfe8 15. Bxd6 Qg6 16. Bg3 Qf6 17. Rad1 Bxf3 18. gxf3 Qxf3 19. Qf4 Qd5 20. Qd2 Qb5
21. b3 Qd5 22. Qd3 a5 23. Re2 Qc5 24. Rxe8+ Rxe8 25. a4 Qh5 26. Kg2 f5 27. Qf3 Qg6 28. Kf1 Re4 29. Qd3 f4 30. f3 Re3
31. Qxg6 hxg6 32. Bf2 Rxf3 33. Kg2 Rc3 34. Bxd4 Rxc2+ 35. Kf3 g5 36. h3 Kf7 37. Rd3 Rh2 38. Kg4 Rg2+ 39. Kf5 Rg3 40. Ke4 Rxd3
41. Kxd3 Nxd4=
1/2-1/2

[Event "Amsterdam Fall 2012 KO Open"]
[Site "SchemingMind.com"]
[Date "2013.02.05"]
[Round "-"]
[White "clario"]
[Black "Olli Ylönen"]
[Result "0-1"]
[WhiteCountry "RSA"]
[BlackCountry "FIN"]
[WhiteElo "2054"]
[WhiteRD "77"]
[BlackElo "1847"]
[BlackRD "58"]
[GameID "326209"]

1. d4 d5 2. c4 c6 3. Nc3 dxc4 4. e4 b5 5. a4 b4 6. Nb1 Ba6 7. Nd2 Qxd4 8. Ngf3 Qc5 9. Qc2 c3 10. bxc3 Qxc3
11. Qxc3 bxc3 12. Bxa6 cxd2+ 13. Bxd2 Nxa6 14. O-O e6 15. Rfd1 Nf6 16. e5 Nd5 17. Rab1 Rb8 18. Rxb8+ Nxb8 19. Rb1 Nd7 20. Rb7 Bc5
21. Ng5 f6 22. Nxe6 Rg8 23. Nxc5 Nxc5 24. Rxa7 fxe5 25. a5 Nb3 26. Bg5 Nxa5 27. Rxa5 Kf7 28. Kf1 h6 29. Bh4 Rc8 30. Bg3 Ke6
31. Ra7 g6
0-1

[Event "Amsterdam Fall 2012 KO Open"]
[Site "SchemingMind.com"]
[Date "2013.02.05"]
[Round "-"]
[White "Olli Ylönen"]
[Black "clario"]
[Result "1-0"]
[WhiteCountry "FIN"]
[BlackCountry "RSA"]
[WhiteElo "1847"]
[WhiteRD "58"]
[BlackElo "2054"]
[BlackRD "77"]
[GameID "326213"]

1. d4 d5 2. c4 e6 3. cxd5 exd5 4. Nc3 Nf6 5. Bg5 Be7 6. e3 O-O 7. Bd3 Qd6 8. Bxf6 Bxf6 9. Bxh7+ Kxh7 10. Qh5+ Kg8
11. Qxd5 Nc6 12. Qxd6 cxd6 13. Nb5 Nb4 14. Kd2 Rd8 15. a3 Nd5 16. Ne2 b6 17. Nec3 Bb7 18. f3 Ba6 19. Nxd5 Bxb5 20. Nc7 Bc4
21. Nxa8 Rxa8 22. Rac1 d5 23. b4 a5 24. bxa5 b5 25. Rc3 Rxa5 26. g4 Be7 27. Ra1 b4 28. Rcc1 Rxa3 29. Rxa3 bxa3 30. e4
1-0

[Event "Amsterdam Fall 2012 KO Open"]
[Site "SchemingMind.com"]
[Date "2013.03.14"]
[Round "-"]
[White "Amaroun"]
[Black "Buckaroo Bob"]
[Result "0-1"]
[WhiteCountry "CZE"]
[BlackCountry "USA"]
[WhiteElo "1709"]
[WhiteRD "118"]
[BlackElo "2272"]
[BlackRD "73"]
[GameID "328549"]

1. e4 c5 2. c3 Nf6 3. e5 Nd5 4. Nf3 Nc6 5. Bc4 Nb6 6. Bb3 c4 7. Bc2 d6 8. exd6 e5 9. Be4 Bxd6 10. d3 f5
11. Bxc6+ bxc6 12. Be3 cxd3
0-1

[Event "Amsterdam Fall 2012 KO Open"]
[Site "SchemingMind.com"]
[Date "2013.03.14"]
[Round "-"]
[White "Buckaroo Bob"]
[Black "Amaroun"]
[Result "1-0"]
[WhiteCountry "USA"]
[BlackCountry "CZE"]
[WhiteElo "2272"]
[WhiteRD "73"]
[BlackElo "1709"]
[BlackRD "118"]
[GameID "328554"]

1. c4 c6 2. Nf3 Nf6 3. Nc3 e6 4. e4 d5 5. e5 d4 6. exf6 dxc3 7. fxg7 cxd2+ 8. Bxd2 Bxg7 9. Qc2 b6 10. O-O-O Ba6
11. Bc3
1-0

[Event "Amsterdam Fall 2012 KO Open"]
[Site "SchemingMind.com"]
[Date "2013.04.08"]
[Round "-"]
[White "John Hamer"]
[Black "spoke"]
[Result "1/2-1/2"]
[WhiteCountry "ENG"]
[BlackCountry "GER"]
[WhiteElo "2056"]
[WhiteRD "65"]
[BlackElo "1751"]
[BlackRD "67"]
[GameID "329839"]

1. d4 Nf6 2. c4 g6 3. Nc3 d5 4. Nf3 Bg7 5. Bf4 O-O 6. Rc1 Nc6 7. e3 Bg4 8. h3 Bxf3 9. Qxf3 e6 10. Bg5 h6
11. Bxf6 Qxf6 12. Qg3 Qd8 13. cxd5 exd5 14. Be2 Ne7 15. O-O c6 16. Rfd1 Nf5 17. Qf3 Qg5 18. Bd3 Nh4 19. Qg3 Qxg3 20. fxg3 Nf5
21. Bxf5=
1/2-1/2

[Event "Amsterdam Fall 2012 KO Open"]
[Site "SchemingMind.com"]
[Date "2013.04.08"]
[Round "-"]
[White "spoke"]
[Black "John Hamer"]
[Result "1/2-1/2"]
[WhiteCountry "GER"]
[BlackCountry "ENG"]
[WhiteElo "1751"]
[WhiteRD "67"]
[BlackElo "2056"]
[BlackRD "65"]
[GameID "329841"]

1. e4 e5 2. Nf3 Nc6 3. Bc4 Nf6 4. Ng5 d5 5. exd5 b5 6. Bf1 Nd4 7. c3 Nxd5 8. Ne4 Ne6 9. Bxb5+ Bd7 10. Bxd7+ Qxd7
11. O-O Be7 12. d3 O-O 13. Nbd2 Ndf4 14. Nf3 Nxd3 15. Qc2 Rfd8 16. Be3 f5 17. Neg5 Bxg5 18. Nxg5 f4 19. Nxe6 Qxe6 20. Rad1 e4
21. Bc1 Qxa2 22. f3 Rdb8 23. Rd2 Nxc1 24. Rxc1 e3 25. Re2 Qf7 26. Qe4 Re8 27. Qc6 Rad8=
1/2-1/2

[Event "Amsterdam Fall 2012 KO Open"]
[Site "SchemingMind.com"]
[Date "2013.04.18"]
[Round "-"]
[White "Savage72"]
[Black "emvarela"]
[Result "0-1"]
[WhiteCountry "NED"]
[BlackCountry "ARG"]
[WhiteElo "1654"]
[WhiteRD "70"]
[BlackElo "1741"]
[BlackRD "47"]
[GameID "330227"]

1. e4 e5 2. Bc4 Nf6 3. d4 Nxe4 4. dxe5 Bc5 5. Qd5 Bxf2+ 6. Ke2 Qe7 7. Qxe4 Qc5 8. Qf4 O-O 9. Nf3 Nc6 10. Rf1 Nd4+
11. Nxd4 Bxd4 12. Bd3 Qxe5+ 13. Qxe5 Bxe5 14. c3 d6 15. h3 Re8 16. Kd1 Be6 17. Bf4 Bxf4 18. Rxf4 Bd5 19. Rg4 Re3 20. Kc2 Re1
21. a4 Rae8 22. Ra3 Be6 23. Nd2 Bxg4 24. hxg4 Rg1 25. Be4 Rxe4 26. Nxe4 Rxg2+ 27. Kd3 Rxg4 28. Nf2 Rg2 29. Nd1 h5 30. b4 h4
31. Ne3 Rg3 32. Ke2 g5 33. Ra1 h3 34. Rh1 f5 35. Nxf5 Rxc3 36. Ne7+ Kf7 37. Nd5 Ra3 38. Nxc7 g4 39. Nb5 Ra2+ 40. Ke3 Rxa4
41. Nxd6+ Ke6 42. Nxb7 Rxb4 43. Nc5+ Kd5 44. Na6 Ra4 45. Nc7+ Ke5 46. Nb5 Re4+ 47. Kf2 Kf4 48. Nxa7 g3+
0-1

[Event "Amsterdam Fall 2012 KO Open"]
[Site "SchemingMind.com"]
[Date "2013.04.15"]
[Round "-"]
[White "emvarela"]
[Black "Savage72"]
[Result "0-1"]
[WhiteCountry "ARG"]
[BlackCountry "NED"]
[WhiteElo "1741"]
[WhiteRD "47"]
[BlackElo "1654"]
[BlackRD "70"]
[GameID "330231"]

1. e4 d6 2. d4 Nf6 3. Nc3 Nbd7 4. f4 e5 5. Nf3 exd4 6. Qxd4 c6 7. Be3 d5 8. exd5 Bc5 9. Qd3 Qe7 10. Kd2 Qxe3+
11. Qxe3+ Bxe3+ 12. Kxe3 Nxd5+ 13. Nxd5 cxd5 14. Bb5 O-O 15. Bxd7 Bxd7 16. Ne5 Rfe8 17. Kd4 Be6 18. Rhe1 Rac8 19. c3 f6 20. Nf3 Rc4+
21. Ke3 Bg4+ 22. Kf2 Rxe1 23. Rxe1 Kf7 24. g3 a5 25. Nd4 Bd7 26. Re3 a4 27. b3 axb3 28. axb3 Rc8 29. Kf3 g6 30. b4 Re8
31. Rxe8 Kxe8 32. Nb3 b6 33. Ke3 Ke7 34. Kd4 Ke6 35. c4 dxc4 36. Kxc4 Kf5 37. Nd2 Kg4 38. Ne4 Kf5 39. Nf2 h5 40. Kd5 g5
41. fxg5 fxg5 42. Kd6 Ba4 43. Kd5 h4 44. gxh4 gxh4 45. h3 Kf4 46. Ne4 b5 47. Nc3 Kg3 48. Kc5 Kxh3
0-1

[Event "Amsterdam Fall 2012 KO Open"]
[Site "SchemingMind.com"]
[Date "2013.04.28"]
[Round "-"]
[White "Buckaroo Bob"]
[Black "spoke"]
[Result "1-0"]
[WhiteCountry "USA"]
[BlackCountry "GER"]
[WhiteElo "2309"]
[WhiteRD "74"]
[BlackElo "1736"]
[BlackRD "65"]
[GameID "330951"]

1. c4 Nf6 2. Nc3 g6 3. e4 d6 4. d4 Bg7 5. Nf3 O-O 6. Be2 e5 7. O-O Nbd7 8. Qc2 c6 9. Be3 Qc7 10. h3 exd4
11. Nxd4 d5 12. cxd5 cxd5 13. exd5 Nb6 14. Qb3 Bd7 15. a4 Rac8 16. a5 Nc4 17. Ndb5 Bxb5 18. Nxb5
1-0

[Event "Amsterdam Fall 2012 KO Open"]
[Site "SchemingMind.com"]
[Date "2013.04.28"]
[Round "-"]
[White "spoke"]
[Black "Buckaroo Bob"]
[Result "0-1"]
[WhiteCountry "GER"]
[BlackCountry "USA"]
[WhiteElo "1736"]
[WhiteRD "65"]
[BlackElo "2309"]
[BlackRD "74"]
[GameID "330955"]

1. e4 c5 2. Nf3 d6 3. d4 cxd4 4. Nxd4 Nf6 5. Nc3 a6 6. f4 Qc7 7. Nf3 Nbd7 8. Bd3 b5 9. O-O Bb7 10. a3 g6
11. Be3 Ng4 12. Qe2 Nxe3 13. Qxe3 Bg7 14. Nd4 Qb6 15. Nf5 gxf5 16. Qxb6 Nxb6
0-1

[Event "Amsterdam Fall 2012 KO Open"]
[Site "SchemingMind.com"]
[Date "2013.10.31"]
[Round "-"]
[White "Olli Ylönen"]
[Black "NYNH"]
[Result "0-1"]
[WhiteCountry "FIN"]
[BlackCountry "USA"]
[WhiteElo "1835"]
[WhiteRD "63"]
[BlackElo "1971"]
[BlackRD "69"]
[GameID "340759"]

1. e4 c5 2. Nf3 d6 3. d4 cxd4 4. Nxd4 Nf6 5. Nc3 g6 6. Be3 Bg7 7. f3 Nc6 8. Bc4 Bd7 9. Qd2 O-O 10. O-O-O Rb8
11. Kb1 Ne5 12. Be2 b5 13. Ndxb5 Qa5 14. Nd4 Rfc8 15. Nb3 Qc7 16. g4 a5 17. h4 h5 18. gxh5 Nxh5 19. Nd5 Qd8 20. Nxa5 Rxb2+
0-1

[Event "Amsterdam Fall 2012 KO Open"]
[Site "SchemingMind.com"]
[Date "2013.10.31"]
[Round "-"]
[White "NYNH"]
[Black "Olli Ylönen"]
[Result "1-0"]
[WhiteCountry "USA"]
[BlackCountry "FIN"]
[WhiteElo "1971"]
[WhiteRD "69"]
[BlackElo "1835"]
[BlackRD "63"]
[GameID "340762"]

1. d4 Nf6 2. c4 g6 3. g3 Bg7 4. Bg2 O-O 5. Nc3 d6 6. Nf3 Nc6 7. O-O a6 8. Qd3 Bd7 9. d5 Nb4 10. Qd1 a5
11. a3 Na6 12. Be3 c6 13. Bd4 Nc7 14. dxc6 Bxc6 15. Re1 e5 16. Bb6 Ra6 17. c5 e4 18. Nd4 dxc5 19. Bxc5 Re8 20. Nxc6 Rxc6
21. Qxd8 Rxd8 22. Be7 Re6 23. Bxd8
1-0

[Event "Amsterdam Fall 2012 KO Open"]
[Site "SchemingMind.com"]
[Date "2013.12.29"]
[Round "-"]
[White "Buckaroo Bob"]
[Black "NYNH"]
[Result "1-0"]
[WhiteCountry "USA"]
[BlackCountry "USA"]
[WhiteElo "2359"]
[WhiteRD "90"]
[BlackElo "1940"]
[BlackRD "70"]
[GameID "344289"]

1. d4 Nf6 2. c4 e6 3. Nc3 Bb4 4. Qc2 c5 5. dxc5 O-O 6. a3 Bxc5 7. Nf3 Nc6 8. Bg5 h6 9. Bh4 b6 10. Rd1 Be7
11. e4 Bb7 12. Be2 Rc8 13. O-O Nh5 14. Bxe7 Qxe7 15. Nb5 d5 16. exd5 exd5 17. Rfe1 dxc4 18. Nd6 Rcd8 19. Bxc4 Qc7 20. Nxf7 Rxf7
21. Rxd8+ Nxd8 22. Re8#
1-0

[Event "Amsterdam Fall 2012 KO Open"]
[Site "SchemingMind.com"]
[Date "2013.12.29"]
[Round "-"]
[White "NYNH"]
[Black "Buckaroo Bob"]
[Result "0-1"]
[WhiteCountry "USA"]
[BlackCountry "USA"]
[WhiteElo "1940"]
[WhiteRD "70"]
[BlackElo "2359"]
[BlackRD "90"]
[GameID "344295"]

1. d4 Nf6 2. c4 e6 3. g3 c5 4. d5 exd5 5. cxd5 d6 6. Nc3 g6 7. Bg2 Bg7 8. Nf3 O-O 9. O-O Nbd7 10. h3 Re8
11. Nd2 a6 12. a4 Rb8 13. Nc4 Ne5 14. Na3 Nh5 15. e4 Bd7 16. a5 Qxa5 17. g4 Nf6 18. f4 Nexg4 19. hxg4 Nxg4 20. f5 h5
21. Bg5 Bd4+ 22. Kh1 Bxc3 23. bxc3 Qxc3 24. Qe2 Bxf5 25. Nc4 Bxe4 26. Bxe4 Rxe4 27. Qf3 Qxf3+ 28. Rxf3 Rxc4 29. Raf1 f5
0-1